Делопроизводство: составление, редактирование и обработка документов: учебное пособие

গ্রন্থ-পঞ্জীর বিবরন
প্রধান লেখক: Сологуб О. П. Ольга Павловна
সংক্ষিপ্ত:Предлагаемое учебное пособие представляет собой систему теоретических сведений и практических заданий по составлению, редактированию и последующей обработке документов. В конце каждой темы содержатся вопросы и задания на повторение пройденного материала, а также приводятся образцы документов. Для студентов высших и средних учебных заведений, обучающихся по специальностям «Документоведение и документационное обеспечение управления», «Менеджмент организации», «Управление персоналом», преподавателей, а также для специалистов сферы управления и производства.
ভাষা:রুশ
প্রকাশিত: Москва, Омега-Л, 2009
সংস্করন:4-е изд., стер.
মালা:Библиотека высшей школы
বিষয়গুলি:
বিন্যাস: গ্রন্থ
KOHA link:https://koha.lib.tpu.ru/cgi-bin/koha/opac-detail.pl?biblionumber=182720

MARC

LEADER 00000nam0a2200000 4500
001 182720
005 20231101223719.0
010 |a 9785370011481 
035 |a (RuTPU)RU\TPU\book\198068 
035 |a RU\TPU\book\112784 
090 |a 182720 
100 |a 20061103d2009 m y0rusy50 ca 
101 0 |a rus 
102 |a RU 
105 |a a j 001zy 
200 1 |a Делопроизводство: составление, редактирование и обработка документов  |e учебное пособие  |f О. П. Сологуб 
205 |a 4-е изд., стер. 
210 |a Москва  |c Омега-Л  |d 2009 
215 |a 207 с.  |c табл. 
225 1 |a Библиотека высшей школы 
320 |a Библиогр.: с. 205-207. 
330 |a Предлагаемое учебное пособие представляет собой систему теоретических сведений и практических заданий по составлению, редактированию и последующей обработке документов. В конце каждой темы содержатся вопросы и задания на повторение пройденного материала, а также приводятся образцы документов. Для студентов высших и средних учебных заведений, обучающихся по специальностям «Документоведение и документационное обеспечение управления», «Менеджмент организации», «Управление персоналом», преподавателей, а также для специалистов сферы управления и производства. 
606 1 |a Делопроизводство  |x Стандартизация  |2 stltpush  |3 (RuTPU)RU\TPU\subj\9049  |9 36339 
610 1 |a документы 
610 1 |a документоведение 
610 1 |a деловая переписка 
610 1 |a реквизиты 
610 1 |a распорядительные документы 
610 1 |a организационные документы 
610 1 |a докладные записки 
610 1 |a справки 
610 1 |a акты 
610 1 |a протоколы 
610 1 |a заявление 
610 1 |a автобиографии 
610 1 |a резюме 
610 1 |a доверенности 
610 1 |a образцы 
610 1 |a документооборот 
610 1 |a хранение 
610 1 |a учебные пособия 
675 |a 651.4/9(075)  |v 3 
700 1 |a Сологуб  |b О. П.  |g Ольга Павловна 
801 1 |a RU  |b 63413507  |c 20100624 
801 2 |a RU  |b 63413507  |c 20211014  |g RCR 
900 |a Делопроизводство в кадровой службе 
942 |c BK 
959 |a 45/20100624  |d 2  |e 66,00  |f АНЛ:1  |f ЧЗГЛ:1